000 00605nam a2200145Ia 4500
008 151213s9999 xx 000 0 und d
100 _aদিলওয়ার হোসেন।
245 _aবাংলা উপন্যাসে মুঘল ইতিহাসের ব্র্যবাহার।
_cদিলওয়ার হোসেন।
260 _aঢাকা
_bকাকলী প্রকাশন্
_c1984
300 _a8830 p.
650 _aBangla
650 _aীইতিহাস আলোচনা।
700 _aদিলওয়ার হোসেন।
999 _c4615
_d4615